| 000 | 00515cam a22001812 4500 | ||
|---|---|---|---|
| 001 | 0000000560 | ||
| 005 | 20151217155804.0 | ||
| 008 | 070209s xx 000 0 eng d | ||
| 040 |
_aKABU _cKABU |
||
| 050 | 0 |
_aDT433.575 _b.A28 |
|
| 100 | 1 |
_aAbuor, C. Ojwando. _@0000148783 |
|
| 245 | 1 | 0 |
_aWhite highlands no more / _cC. Ojwando Abuor. |
| 260 |
_aNairobi : _bPan African Researchers, _c1970. |
||
| 300 | _a440 p. | ||
| 908 | _a070209 | ||
| 950 | _@1 | ||
| 999 |
_c12400 _d12400 |
||